000
00337nam a2200133Ia 4500
008
210312s9999||||xx |||||||||||||| ||und||
041
_a
osm
050
_a
LB1125
050
_b
C5520
100
_a
Claparéde, Édouard
245
0
_a
Çocuk ruhiyatı ve tecrübi pedagoji
260
_c
1339 - 1342
650
_a
Eğitim psikolojisi Pedagoji
999
_c
22094
_d
22094